北海道の市町村(1968年) - Statistics

General Stats
  • This quiz has been taken 17 times
  • The average score is 105 of 222
Answer Stats
コード 支庁 市町村 備考 % Correct
01201 石狩支庁 札幌市 1972年政令指定
100%
01202 渡島支庁 函館市
100%
01204 上川支庁 旭川市
100%
01206 釧路支庁 釧路市
100%
01208 網走支庁 北見市
100%
01211 網走支庁 網走市
100%
01214 宗谷支庁 稚内市
100%
01223 根室支庁 根室市
100%
01203 後志支庁 小樽市
88%
01205 胆振支庁 室蘭市
88%
01207 十勝支庁 帯広市
88%
01209 空知支庁 夕張市
88%
01210 空知支庁 岩見沢市
88%
01212 留萌支庁 留萌市
88%
01213 胆振支庁 苫小牧市
88%
01215 空知支庁 美唄市
88%
01216 空知支庁 芦別市
88%
01217 石狩支庁 江別市
88%
01218 空知支庁 赤平市
88%
01219 網走支庁 紋別市
88%
01220 上川支庁 士別市
88%
01221 上川支庁 名寄市
88%
01222 空知支庁 三笠市
88%
01224 石狩支庁 千歳市
88%
01225 空知支庁 滝川市
88%
01226 空知支庁 砂川市
88%
01227 空知支庁 歌志内市
88%
01228 空知支庁 深川市
88%
01229 上川支庁 富良野市
88%
01301 石狩支庁 札幌郡広島町 1996年昇格
63%
01302 石狩支庁 石狩郡石狩町 1996年昇格
63%
01331 渡島支庁 松前郡松前町
63%
01303 石狩支庁 石狩郡当別町
50%
01304 石狩支庁 石狩郡新篠津村
50%
01305 石狩支庁 厚田郡厚田村 2005年消滅
50%
01306 石狩支庁 浜益郡浜益村 2005年消滅
50%
01307 石狩支庁 千歳郡恵庭町 1970年昇格
50%
01332 渡島支庁 松前郡福島町
50%
01335 渡島支庁 上磯郡上磯町 2006年消滅
50%
01347 渡島支庁 山越郡長万部町
50%
01367 檜山支庁 奥尻郡奥尻町
50%
01368 檜山支庁 瀬棚郡瀬棚町 2005年消滅
50%
01369 檜山支庁 瀬棚郡北檜山町 2005年消滅
50%
01370 檜山支庁 瀬棚郡今金町
50%
01391 後志支庁 島牧郡島牧村
50%
01392 後志支庁 寿都郡寿都町
50%
01393 後志支庁 寿都郡黒松内町
50%
01402 後志支庁 岩内郡岩内町
50%
01431 空知支庁 樺戸郡浦臼町
50%
01470 上川支庁 中川郡音威子府村
50%
01471 上川支庁 中川郡中川町
50%
01483 留萌支庁 苫前郡苫前町
50%
01484 留萌支庁 苫前郡羽幌町
50%
01485 留萌支庁 苫前郡初山別村
50%
01486 留萌支庁 天塩郡遠別町
50%
01488 留萌支庁 天塩郡幌延町 2010年支庁変更
50%
01511 宗谷支庁 宗谷郡猿払村
50%
01512 宗谷支庁 枝幸郡浜頓別町
50%
01513 宗谷支庁 枝幸郡中頓別町
50%
01514 宗谷支庁 枝幸郡枝幸町
50%
01515 宗谷支庁 枝幸郡歌登町 2006年消滅
50%
01516 宗谷支庁 天塩郡豊富町
50%
01517 宗谷支庁 礼文郡礼文町
50%
01518 宗谷支庁 利尻郡利尻町
50%
01519 宗谷支庁 利尻郡東利尻町 1990年改称
50%
01541 網走支庁 網走郡東藻琴村 2006年消滅
50%
01542 網走支庁 網走郡女満別町 2006年消滅
50%
01544 網走支庁 網走郡津別町
50%
01545 網走支庁 斜里郡斜里町
50%
01546 網走支庁 斜里郡清里町
50%
01547 網走支庁 斜里郡小清水町
50%
01548 網走支庁 常呂郡端野町 2006年消滅
50%
01549 網走支庁 常呂郡訓子府町
50%
01550 網走支庁 常呂郡置戸町
50%
01551 網走支庁 常呂郡留辺蘂町 2006年消滅
50%
01552 網走支庁 常呂郡佐呂間町
50%
01553 網走支庁 常呂郡常呂町 2006年消滅
50%
01554 網走支庁 紋別郡生田原町 2005年消滅
50%
01555 網走支庁 紋別郡遠軽町
50%
01556 網走支庁 紋別郡丸瀬布町 2005年消滅
50%
01557 網走支庁 紋別郡白滝村 2005年消滅
50%
01558 網走支庁 紋別郡上湧別町 2009年消滅
50%
01559 網走支庁 紋別郡湧別町
50%
01560 網走支庁 紋別郡滝上町
50%
01561 網走支庁 紋別郡興部町
50%
01562 網走支庁 紋別郡西興部村
50%
01563 網走支庁 紋別郡雄武町
50%
01601 日高支庁 沙流郡日高町
50%
01602 日高支庁 沙流郡平取町
50%
01603 日高支庁 沙流郡門別町 2006年消滅
50%
01333 渡島支庁 上磯郡知内町
38%
01334 渡島支庁 上磯郡木古内町
38%
01336 渡島支庁 亀田郡大野町 2006年消滅
38%
01337 渡島支庁 亀田郡七飯町
38%
01338 渡島支庁 亀田郡亀田町 1971年昇格
38%
01339 渡島支庁 亀田郡戸井町 2004年消滅
38%
01341 渡島支庁 亀田郡椴法華村 2004年消滅
38%
01342 渡島支庁 茅部郡南茅部町 2004年消滅
38%
01343 渡島支庁 茅部郡鹿部村 1983年昇格
38%
01344 渡島支庁 茅部郡砂原村 1970年昇格
38%
01345 渡島支庁 茅部郡森町
38%
01346 渡島支庁 山越郡八雲町
38%
01361 檜山支庁 檜山郡江差町
38%
01362 檜山支庁 檜山郡上ノ国町
38%
01363 檜山支庁 檜山郡厚沢部町
38%
01364 檜山支庁 爾志郡乙部町
38%
01365 檜山支庁 爾志郡熊石町 2005年消滅
38%
01366 檜山支庁 久遠郡大成町 2005年消滅
38%
01394 後志支庁 磯谷郡蘭越町
38%
01395 後志支庁 虻田郡ニセコ町
38%
01396 後志支庁 虻田郡真狩村
38%
01397 後志支庁 虻田郡留寿都村
38%
01398 後志支庁 虻田郡喜茂別町
38%
01399 後志支庁 虻田郡京極町
38%
01400 後志支庁 虻田郡倶知安町
38%
01401 後志支庁 岩内郡共和村 1971年昇格
38%
01403 後志支庁 古宇郡泊村
38%
01404 後志支庁 古宇郡神恵内村
38%
01405 後志支庁 積丹郡積丹町
38%
01406 後志支庁 古平郡古平町
38%
01407 後志支庁 余市郡仁木町
38%
01408 後志支庁 余市郡余市町
38%
01409 後志支庁 余市郡赤井川村
38%
01422 空知支庁 空知郡栗沢町 2006年消滅
38%
01423 空知支庁 空知郡南幌町
38%
01424 空知支庁 空知郡奈井江町
38%
01425 空知支庁 空知郡上砂川町
38%
01427 空知支庁 夕張郡由仁町
38%
01428 空知支庁 夕張郡長沼町
38%
01429 空知支庁 夕張郡栗山町
38%
01430 空知支庁 樺戸郡月形町
38%
01432 空知支庁 樺戸郡新十津川町
38%
01433 空知支庁 雨竜郡妹背牛町
38%
01434 空知支庁 雨竜郡秩父別町
38%
01436 空知支庁 雨竜郡雨竜町
38%
01437 空知支庁 雨竜郡北竜町
38%
01438 空知支庁 雨竜郡沼田町
38%
01439 空知支庁 雨竜郡幌加内町 2010年支庁変更
38%
01452 上川支庁 上川郡鷹栖町
38%
01453 上川支庁 上川郡東神楽町
38%
01454 上川支庁 上川郡当麻町
38%
01455 上川支庁 上川郡比布町
38%
01456 上川支庁 上川郡愛別町
38%
01457 上川支庁 上川郡上川町
38%
01458 上川支庁 上川郡東川町
38%
01460 上川支庁 空知郡上富良野町
38%
01461 上川支庁 空知郡中富良野町
38%
01462 上川支庁 空知郡南富良野町
38%
01463 上川支庁 勇払郡占冠村
38%
01464 上川支庁 上川郡和寒町
38%
01465 上川支庁 上川郡剣淵町
38%
01468 上川支庁 上川郡下川町
38%
01469 上川支庁 中川郡美深町
38%
01481 留萌支庁 増毛郡増毛町
38%
01482 留萌支庁 留萌郡小平町
38%
01487 留萌支庁 天塩郡天塩町
38%
01543 網走支庁 網走郡美幌町
38%
01571 胆振支庁 虻田郡豊浦町
38%
01572 胆振支庁 虻田郡虻田町 2006年消滅
38%
01573 胆振支庁 虻田郡洞爺村 2006年消滅
38%
01574 胆振支庁 有珠郡大滝村 2006年消滅
38%
01575 胆振支庁 有珠郡壮瞥町
38%
01578 胆振支庁 白老郡白老町
38%
01579 胆振支庁 勇払郡早来町 2006年消滅
38%
01580 胆振支庁 勇払郡追分町 2006年消滅
38%
01581 胆振支庁 勇払郡厚真町
38%
01582 胆振支庁 勇払郡鵡川町 2006年消滅
38%
01583 胆振支庁 勇払郡穂別町 2006年消滅
38%
01604 日高支庁 新冠郡新冠町
38%
01605 日高支庁 静内郡静内町 2006年消滅
38%
01606 日高支庁 三石郡三石町 2006年消滅
38%
01607 日高支庁 浦河郡浦河町
38%
01608 日高支庁 様似郡様似町
38%
01609 日高支庁 幌泉郡幌泉町 1970年改称
38%
01631 十勝支庁 河東郡音更町
38%
01632 十勝支庁 河東郡士幌町
38%
01633 十勝支庁 河東郡上士幌町
38%
01634 十勝支庁 河東郡鹿追町
38%
01635 十勝支庁 上川郡新得町
38%
01636 十勝支庁 上川郡清水町
38%
01637 十勝支庁 河西郡芽室町
38%
01638 十勝支庁 河西郡中札内村
38%
01639 十勝支庁 河西郡更別村
38%
01640 十勝支庁 広尾郡忠類村 2006年消滅
38%
01641 十勝支庁 広尾郡大樹町
38%
01642 十勝支庁 広尾郡広尾町
38%
01643 十勝支庁 中川郡幕別町
38%
01644 十勝支庁 中川郡池田町
38%
01645 十勝支庁 中川郡豊頃町
38%
01646 十勝支庁 中川郡本別町
38%
01647 十勝支庁 足寄郡足寄町
38%
01648 十勝支庁 足寄郡陸別町
38%
01649 十勝支庁 十勝郡浦幌町
38%
01661 釧路支庁 釧路郡釧路村 1980年昇格
38%
01662 釧路支庁 厚岸郡厚岸町
38%
01663 釧路支庁 厚岸郡浜中町
38%
01664 釧路支庁 川上郡標茶町
38%
01665 釧路支庁 川上郡弟子屈町
38%
01666 釧路支庁 阿寒郡阿寒町 2005年消滅
38%
01667 釧路支庁 阿寒郡鶴居村
38%
01668 釧路支庁 白糠郡白糠町
38%
01669 釧路支庁 白糠郡音別町 2005年消滅
38%
01691 根室支庁 野付郡別海村 1971年昇格
38%
01692 根室支庁 標津郡中標津町
38%
01693 根室支庁 標津郡標津町
38%
01694 根室支庁 目梨郡羅臼町
38%
01695 根室支庁 色丹郡色丹村
38%
01696 根室支庁 国後郡泊村
38%
01697 根室支庁 国後郡留夜別村
38%
01698 根室支庁 択捉郡留別村
38%
01699 根室支庁 紗那郡紗那村
38%
01700 根室支庁 蘂取郡蘂取村
38%
01340 渡島支庁 亀田郡尻岸内町 1985年改称
25%
01426 空知支庁 空知郡江部乙町 1971年消滅
25%
01451 上川支庁 上川郡東鷹栖町 1971年消滅
25%
01459 上川支庁 上川郡美瑛町
25%
01466 上川支庁 上川郡朝日町 2005年消滅
25%
01467 上川支庁 上川郡風連町 2006年消滅
25%
01576 胆振支庁 有珠郡伊達町 1972年昇格
25%
01577 胆振支庁 幌別郡登別町 1970年昇格
25%
01421 空知支庁 空知郡北村 2006年消滅
13%
01435 空知支庁 雨竜郡多度志町 1970年消滅
13%
No matching quizzes found
Score Distribution
Percent of People with Each Score
Percentile by Number Answered
Your Score History
You have not taken this quiz